000 01663cam a2200469 4500
003 PE-LiUPU
005 20250731173346.0
020 _a849652184
035 _a(Sirsi) i849652184
035 _a(Sirsi) 43440
035 _a(Sirsi) 43440
041 _aes
044 _aes
082 0 4 _a299.31
_bQ69
100 1 _aQuirke, Stephen
245 _aRa, el dios del so :
_bla adoración al sol en el Antiguo Egipto /
_cStephen Quirke
_cJosé Miguel Parra Ortíz.
264 1 _aMadrid :
_bOberon,
_c2003
300 _a227 páginas :
_bilustraciones ;
_c25 cm.
490 0 _aOberon historia
504 _aIncluye Bibliografía
505 0 _aLa realeza cósmica,la edad de bronce como la era Ra -- La mitología de Ra -- El culto del sol y la medición del tiempo -- IUNO: La ciudad perdida de Ra-ATUM -- Agujas solares pirámides y obeliscos -- El hijo único: Akhenatón -- Después d
526 _aSEG42
526 _aSEG41
526 _aSEG40
526 _aSEG39
526 _aP94
526 _aP87
526 _aP86
526 _aP85
526 _aP77
526 _aP76
526 _aP35
650 1 4 _aRa (Deidad egipcia)
650 1 4 _aEgipto
_xReligión
942 _2ddc
_cBOOK
949 _a299.31 Q69
_i60779
_lCCODEBUL1
_mBUL
_tLIBRO
_o.STAFF. Colección General
859 _q60779
_h299.31
_iQ69
910 _agl
_bjv
_cng
_d20091210
596 _a1
999 _a299.31 Q69
_wDEWEY
_c50160
_i60779
_f2021-11-11
_g4
_lCCODEBUL1
_mBUL
_p26.00
_r0
_sY
_tBOOK
_u2015-7-6
_xTEOLOGIA
_zUNKNOWN
_0COMPRA
_o.STAFF. Colección General
_d50160
980 _81
_gALBERTO SANCHEZ Responsable de Automatización